000 00844cam a2200277 4500
001 3150076
003 OSt
005 20230619115458.0
008 740328r19741955ctub 001 0 eng
010 _a 74003746
020 _a0837174694
040 _aDLC
_cDLC
_dDLC
043 _af-ke---
082 0 0 _a301.45
_bHUX
100 1 _aLipscomb, J. F.
245 1 0 _aWhite Africans,
_cby J. F. Lipscomb. With an introd. by Elspeth Huxley.
260 _aWestport, Conn.,
_bGreenwood Press
_c[1974]
300 _a172 p.
_bmap.
_c22 cm.
500 _aReprint of the 1955 ed. published by Faber and Faber, London.
650 0 _aAgriculture
_zKenya.
651 0 _aKenya
_xRace relations.
651 0 _aKenya
_xEconomic conditions.
651 0 _aKenya
_xHistory
_y1895-1963.
906 _a7
_bcbc
_corignew
_d1
_eocip
_f19
_gy-gencatlg
942 _2ddc
_cBK
999 _c1267
_d1267